[Event "RUS Central Region-chT"]
[Site "Lipetsk"]
[Date "2017.12.04"]
[Round "2.3"]
[White "Ruchkin, Ivan"]
[Black "Loskutov, Sviatoslav"]
[Result "1/2-1/2"]
[WhiteElo "2193"]
[BlackElo "2308"]
[PlyCount "104"]
[EventDate "2017.12.03"]
[EventType "team-swiss"]
[EventRounds "7"]
[EventCountry "RUS"]
[SourceTitle "CBM 182 Extra"]
[Source "ChessBase"]
[SourceDate "2018.02.23"]
[SourceVersion "1"]
[SourceVersionDate "2018.02.23"]
[SourceQuality "1"]
[WhiteTeam "Lipetsk SN4 Region"]
[BlackTeam "Lipetsk EGU Region"]
[WhiteTeamCountry "RUS"]
[BlackTeamCountry "RUS"]

1. d4 Nf6 2. c4 e6 3. Nf3 b6 4. g3 Bb7 5. Bg2 Be7 6. 0-0 0-0 7. b3 d6 8. Bb2 Nbd7 9. Nbd2 c5 10. Qe1 d5 11. Rd1 Qc7 12. Rc1 Rad8 13. cxd5 exd5 14. dxc5 bxc5 15. Nd4 Rfe8 16. b4 c4 17. a3 Bf8 18. N2b3 Ne5 19. Qd1 Qb6 20. Na5 Bc8 21. Qc2 g6 22. Rfd1 Bg7 23. h3 Ne4 24. f4 Nd3 25. exd3 Bxd4+ 26. Kh2 c3 27. dxe4 cxb2 28. Rb1 Bg7 29. Nc6 Rd6 30. Ne7+ Rxe7 31. Qxc8+ Rd8 32. Qc5 Qxc5 33. bxc5 Rc7 34. e5 Rxc5 35. Rxb2 f6 36. e6 f5 37. e7 Re8 38. Rb7 d4 39. Rd7 Bf6 40. Re1 Kg7 41. Rxa7 Rc3 42. a4 Rc2 43. a5 d3 44. Rd7 Bc3 45. Re3 Bxa5 46. Rexd3 Re2 47. R3d5 Bc3 48. Rd3 Bf6 49. g4 fxg4 50. hxg4 R8xe7 51. g5 Bb2 52. Rxe7+ Rxe7 1/2-1/2

[Event "Lipetsk Region-ch sf"]
[Site "Lipetsk"]
[Date "2009.10.09"]
[Round "7"]
[White "Ruchkin, Ivan"]
[Black "Yarovoy, I."]
[Result "0-1"]
[WhiteElo "2167"]
[BlackElo "2110"]
[PlyCount "62"]
[EventDate "2009.09.25"]
[EventType "swiss"]
[EventRounds "8"]
[EventCountry "RUS"]
[SourceTitle "EXT 2022"]
[Source "ChessBase"]
[SourceDate "2021.10.06"]
[SourceVersion "1"]
[SourceVersionDate "2021.10.06"]
[SourceQuality "1"]

1. Nf3 d5 2. c4 e6 3. d4 Nf6 4. g3 Be7 5. Bg2 0-0 6. 0-0 c6 7. Qc2 Nbd7 8. b3 Ne4 9. Bb2 Re8 10. Nfd2 Nxd2 11. Nxd2 Nf6 12. Rad1 Qa5 13. e4 dxe4 14. Nxe4 Nxe4 15. Bxe4 Qh5 16. d5 exd5 17. cxd5 Bh3 18. dxc6 Rac8 19. Rd5 Qh6 20. Rfd1 Rxc6 21. Qd3 Be6 22. Rb5 Rd6 23. Qf3 Rxd1+ 24. Qxd1 Rd8 25. Qf3 Qd2 26. Qc3 Qd1+ 27. Kg2 Bf6 28. Qc1 Qe2 29. Rb4 Rd2 30. Qf1 Bh3+ 31. Kxh3 Qxf1+ 0-1

[Event "Lipetsk Region-ch sf"]
[Site "Lipetsk"]
[Date "2009.09.26"]
[Round "2"]
[White "Miramonov, Faridun"]
[Black "Ruchkin, Ivan"]
[Result "0-1"]
[WhiteElo "1719"]
[BlackElo "2167"]
[PlyCount "58"]
[EventDate "2009.09.25"]
[EventType "swiss"]
[EventRounds "8"]
[EventCountry "RUS"]
[SourceTitle "EXT 2022"]
[Source "ChessBase"]
[SourceDate "2021.10.06"]
[SourceVersion "1"]
[SourceVersionDate "2021.10.06"]
[SourceQuality "1"]

1. Nf3 Nf6 2. g3 b6 3. Bg2 Bb7 4. d4 e6 5. 0-0 d6 6. c4 Nbd7 7. Nc3 Be7 8. Re1 0-0 9. b3 c5 10. e4 cxd4 11. Nxd4 Ne8 12. Ba3 Nc5 13. Qd2 Rc8 14. Rad1 Qc7 15. Ncb5 Qb8 16. Nc3 Qa8 17. f4 Nf6 18. e5 dxe5 19. fxe5 Nfe4 20. Nxe4 Nxe4 21. Bxe4 Bxa3 22. Qg2 Bxe4 23. Qxe4 Qxe4 24. Rxe4 Rfd8 25. Rd2 Bb4 26. Rd3 Rd7 27. Kf1 Rcd8 28. Ke2 Bc5 29. Ke3 f5 0-1

[Event "Lipetsk Region-ch sf"]
[Site "Lipetsk"]
[Date "2009.09.25"]
[Round "1"]
[White "Ruchkin, Ivan"]
[Black "Shevelev, Vitaly"]
[Result "1/2-1/2"]
[WhiteElo "2167"]
[BlackElo "1776"]
[PlyCount "78"]
[EventDate "2009.09.25"]
[EventType "swiss"]
[EventRounds "8"]
[EventCountry "RUS"]
[SourceTitle "EXT 2022"]
[Source "ChessBase"]
[SourceDate "2021.10.06"]
[SourceVersion "1"]
[SourceVersionDate "2021.10.06"]
[SourceQuality "1"]

1. Nf3 c5 2. c4 Nc6 3. g3 g6 4. Bg2 Bg7 5. 0-0 Nf6 6. Nc3 0-0 7. d4 cxd4 8. Nxd4 Nxd4 9. Qxd4 d6 10. e4 Ng4 11. Qd3 Ne5 12. Qe2 Be6 13. Nd5 Rc8 14. Bg5 f6 15. Be3 Nc6 16. Rac1 Bd7 17. Rfd1 f5 18. exf5 Rxf5 19. c5 e6 20. Nf4 d5 21. Nxd5 exd5 22. Bxd5+ Rxd5 23. Rxd5 Qe7 24. g4 Qe6 25. Rd6 Qxg4+ 26. Qxg4 Bxg4 27. Rc4 Bf5 28. b4 a6 29. a4 Ne5 30. Rf4 Nf7 31. Rb6 Rc7 32. Bd4 Bxd4 33. Rxd4 Kg7 34. Kg2 Bd7 35. b5 axb5 36. axb5 Be8 37. Re4 Kf8 38. Kg3 Rxc5 39. Rxb7 Bxb5 1/2-1/2

[Event "Vladimir op-A"]
[Site "Vladimir"]
[Date "2008.08.18"]
[Round "6"]
[White "Ruchkin, Ivan"]
[Black "Timofeev, Mikhail"]
[Result "0-1"]
[WhiteElo "2188"]
[BlackElo "1876"]
[PlyCount "70"]
[EventDate "2008.08.12"]
[EventType "swiss"]
[EventRounds "10"]
[EventCountry "RUS"]
[SourceTitle "CBM 126 Extra"]
[Source "ChessBase"]
[SourceDate "2008.11.05"]
[SourceVersion "1"]
[SourceVersionDate "2008.11.05"]
[SourceQuality "1"]

1. e4 c5 2. Nf3 d6 3. c4 Nf6 4. Nc3 Bg4 5. Be2 Nc6 6. d3 Bxf3 7. Bxf3 g6 8. Be3 Bg7 9. Qd2 Nd7 10. Bh6 Bxh6 11. Qxh6 Nde5 12. Qg7 Kd7 13. 0-0-0 h5 14. Be2 Nd4 15. f4 Ne6 16. Qxh8 Qxh8 17. fxe5 Qxe5 18. Rdf1 Qg5+ 19. Kb1 Qxg2 20. Rhg1 Qxh2 21. Rh1 Qe5 22. Rxf7 Rf8 23. Rhf1 Rxf7 24. Rxf7 Nd4 25. Bd1 Qg3 26. Nd5 Qxd3+ 27. Kc1 Qxc4+ 28. Kd2 Nc6 29. Bb3 Qd4+ 30. Kc1 c4 31. Ba4 Ke6 32. Rh7 Qxe4 33. Bxc6 bxc6 34. Rxe7+ Kxd5 35. Rxe4 Kxe4 0-1

[Event "Vladimir op-A"]
[Site "Vladimir"]
[Date "2008.08.13"]
[Round "2"]
[White "Molchanova, Tatjana"]
[Black "Ruchkin, Ivan"]
[Result "1-0"]
[WhiteElo "2349"]
[BlackElo "2188"]
[PlyCount "81"]
[EventDate "2008.08.12"]
[EventType "swiss"]
[EventRounds "10"]
[EventCountry "RUS"]
[SourceTitle "CBM 126 Extra"]
[Source "ChessBase"]
[SourceDate "2008.11.05"]
[SourceVersion "1"]
[SourceVersionDate "2008.11.05"]
[SourceQuality "1"]

1. e4 Nf6 2. d3 d5 3. e5 Nfd7 4. f4 e6 5. g3 c5 6. Bg2 Nc6 7. Nf3 Be7 8. 0-0 0-0 9. Qe2 f5 10. c3 Qb6 11. Kh1 Qa6 12. Ne1 Rb8 13. g4 b5 14. gxf5 Rxf5 15. Bh3 d4 16. Bxf5 exf5 17. h3 Bb7 18. Kh2 Nf8 19. Nd2 dxc3 20. bxc3 Ne6 21. Nc2 Qa4 22. Nb3 c4 23. Nbd4 Ncxd4 24. Nxd4 cxd3 25. Qxd3 Be4 26. Qd1 Nc5 27. Bd2 Qc4 28. Rg1 b4 29. Qe2 Nd3 30. Qh5 bxc3 31. Qh6 Bf8 32. Rxg7+ Bxg7 33. Rg1 Qf7 34. Ne6 Rb7 35. Bxc3 Re7 36. Rxg7+ Qxg7 37. Nxg7 Rxg7 38. Qe6+ Kf8 39. Qc8+ Ke7 40. Qc7+ Kf8 41. Qd8+ 1-0

[Event "Lipetsk-ch"]
[Site "Lipetsk"]
[Date "2008.03.28"]
[Round "9"]
[White "Ruchkin, Ivan"]
[Black "Skomorohov, Grigorij"]
[Result "1/2-1/2"]
[WhiteElo "2189"]
[BlackElo "2193"]
[PlyCount "61"]
[EventDate "2008.03.20"]
[EventType "swiss"]
[EventRounds "9"]
[EventCountry "RUS"]
[SourceTitle "EXT 2022"]
[Source "ChessBase"]
[SourceDate "2021.10.06"]
[SourceVersion "1"]
[SourceVersionDate "2021.10.06"]
[SourceQuality "1"]

1. e4 c5 2. Nf3 Nc6 3. d4 cxd4 4. Nxd4 Nf6 5. Nc3 e5 6. Ndb5 d6 7. Bg5 a6 8. Na3 Be6 9. Nc4 Rc8 10. Nd5 Bxd5 11. Bxf6 gxf6 12. Qxd5 Nb4 13. Qd2 d5 14. exd5 Nxc2+ 15. Qxc2 Bb4+ 16. Kd1 b5 17. Qe4 bxc4 18. Bxc4 Qb6 19. Rc1 Bc5 20. Bb3 Ke7 21. Ke2 Qb5+ 22. Qd3 Qxd3+ 23. Kxd3 Bd4 24. Rc4 Rxc4 25. Bxc4 a5 26. b3 Rg8 27. g3 Kd6 28. f4 h5 29. Rf1 h4 30. Rf3 hxg3 31. hxg3 1/2-1/2

[Event "Lipetsk-ch"]
[Site "Lipetsk"]
[Date "2008.03.25"]
[Round "6"]
[White "Ryakhovskiy, Alexander"]
[Black "Ruchkin, Ivan"]
[Result "0-1"]
[WhiteElo "1971"]
[BlackElo "2189"]
[PlyCount "84"]
[EventDate "2008.03.20"]
[EventType "swiss"]
[EventRounds "9"]
[EventCountry "RUS"]
[SourceTitle "EXT 2022"]
[Source "ChessBase"]
[SourceDate "2021.10.06"]
[SourceVersion "1"]
[SourceVersionDate "2021.10.06"]
[SourceQuality "1"]

1. e4 c5 2. Nf3 Nc6 3. d4 cxd4 4. Nxd4 Nf6 5. Nc3 e5 6. Ndb5 d6 7. Bg5 a6 8. Na3 b5 9. Nd5 Be7 10. Bxf6 Bxf6 11. c3 Rb8 12. Nc2 0-0 13. Nce3 Bg5 14. a4 bxa4 15. Rxa4 a5 16. b3 Be6 17. Bc4 Bxe3 18. Nxe3 Ne7 19. Nd5 Ng6 20. 0-0 Qg5 21. g3 Bh3 22. Re1 Kh8 23. Qc1 Qh5 24. Ne3 f5 25. exf5 Bxf5 26. Be2 Qg5 27. Nxf5 Qxf5 28. Qe3 Rxb3 29. Rxa5 Ne7 30. f4 Nc6 31. Ra4 Rfb8 32. Bd3 Qh5 33. fxe5 Nxe5 34. Rf1 Ng4 35. Qe2 Qc5+ 36. Kg2 Rb2 37. Rf8+ Rxf8 38. Qxb2 Qc6+ 39. Re4 Nf6 40. Qf2 Re8 41. Kg1 Nxe4 42. Bxe4 Qxe4 0-1

[Event "Lipetsk Region-ch Super"]
[Site "Lipetsk"]
[Date "2007.12.21"]
[Round "10"]
[White "Grishchenko, Sergey"]
[Black "Ruchkin, Ivan"]
[Result "1/2-1/2"]
[WhiteElo "2355"]
[BlackElo "2154"]
[PlyCount "119"]
[EventDate "2007.12.12"]
[EventType "tourn"]
[EventRounds "11"]
[EventCountry "RUS"]
[SourceTitle "CBM 122 Extra"]
[Source "ChessBase"]
[SourceDate "2008.03.04"]
[SourceVersion "1"]
[SourceVersionDate "2008.03.04"]
[SourceQuality "1"]

1. Nf3 Nf6 2. c4 e6 3. g3 d5 4. Bg2 c5 5. 0-0 Nc6 6. cxd5 exd5 7. d4 Be7 8. Nc3 h6 9. Bf4 Be6 10. Nb5 Rc8 11. dxc5 Bxc5 12. Rc1 Be7 13. Nfd4 0-0 14. Nxe6 fxe6 15. Bh3 Qd7 16. Nd4 Nxd4 17. Qxd4 Nh5 18. Be5 b6 19. b4 Nf6 20. a3 Rxc1 21. Rxc1 Rc8 22. Rxc8+ Qxc8 23. Qc3 Qd7 24. b5 Qxb5 25. Bxe6+ Kf8 26. Bxf6 Qb1+ 27. Kg2 Qe4+ 28. Qf3 Qxf3+ 29. Kxf3 gxf6 30. a4 d4 31. Ke4 Bc5 32. f4 Kg7 33. Kf5 Bd6 34. Bc4 a5 35. Ke6 Bc5 36. Bb5 Kg6 37. Be8+ Kg7 38. g4 Bb4 39. Kd5 Bc5 40. Bh5 Kf8 41. Ke6 Kg7 42. Be8 Bb4 43. Kd5 Bc5 44. Bb5 Kg6 45. Ke6 Kg7 46. h4 Bb4 47. Kd5 Bc5 48. Ke4 Kf7 49. Bd3 Kg6 50. Kd5+ Kf7 51. Bc4 Kg7 52. Ke4 Kg6 53. Bd5 Kg7 54. h5 Kh7 55. Bf7 Kg7 56. Bg6 Kf8 57. Kd5 Kg7 58. Ke6 Bb4 59. Kd5 Bc5 60. Ke6 1/2-1/2

[Event "Lipetsk Region-ch Super"]
[Site "Lipetsk"]
[Date "2007.12.20"]
[Round "9"]
[White "Ruchkin, Ivan"]
[Black "Zimmerman, Yuri"]
[Result "0-1"]
[WhiteElo "2154"]
[BlackElo "2352"]
[PlyCount "80"]
[EventDate "2007.12.12"]
[EventType "tourn"]
[EventRounds "11"]
[EventCountry "RUS"]
[SourceTitle "CBM 122 Extra"]
[Source "ChessBase"]
[SourceDate "2008.03.04"]
[SourceVersion "1"]
[SourceVersionDate "2008.03.04"]
[SourceQuality "1"]

1. d4 Nf6 2. c4 g6 3. Nc3 Bg7 4. Nf3 0-0 5. g3 d6 6. Bg2 Nc6 7. 0-0 a6 8. Qd3 Nd7 9. b3 Rb8 10. Bb2 b5 11. cxb5 axb5 12. Rac1 e6 13. e3 Ne7 14. Rfd1 c6 15. g4 Nb6 16. g5 Nbd5 17. Ne4 Ra8 18. Qb1 Bb7 19. a3 Qd7 20. h3 Kh8 21. Nh2 f5 22. gxf6 Nxf6 23. Nxf6 Bxf6 24. d5 Nxd5 25. e4 Nf4 26. e5 Bg7 27. Rxd6 Qf7 28. Rf1 c5 29. f3 Ne2+ 30. Kf2 Ng3 31. Re1 Nf5 32. Rdd1 h5 33. Qd3 Bc6 34. Bh1 Qc7 35. Bg2 Qb6 36. Ke2 c4 37. bxc4 bxc4 38. Qc3 Ng3+ 39. Kd2 Qf2+ 40. Kc1 Qxg2 0-1

[Event "Lipetsk Region-ch Super"]
[Site "Lipetsk"]
[Date "2007.12.16"]
[Round "5"]
[White "Ruchkin, Ivan"]
[Black "Barbashin, Igor"]
[Result "0-1"]
[WhiteElo "2154"]
[BlackElo "2272"]
[PlyCount "138"]
[EventDate "2007.12.12"]
[EventType "tourn"]
[EventRounds "11"]
[EventCountry "RUS"]
[SourceTitle "CBM 122 Extra"]
[Source "ChessBase"]
[SourceDate "2008.03.04"]
[SourceVersion "1"]
[SourceVersionDate "2008.03.04"]
[SourceQuality "1"]

1. d4 Nf6 2. c4 d6 3. Nc3 Nbd7 4. e4 e5 5. d5 Be7 6. Bd3 0-0 7. Nge2 Nc5 8. 0-0 Nxd3 9. Qxd3 Nd7 10. Ng3 g6 11. Bh6 Re8 12. Qd2 Nf8 13. f4 exf4 14. Qxf4 f6 15. Rae1 Nd7 16. Nf5 Bf8 17. Nd4 Ne5 18. Bxf8 Rxf8 19. Ne6 Bxe6 20. dxe6 c6 21. Qe3 Qe7 22. Qd4 Qxe6 23. b3 a6 24. Rd1 Rad8 25. c5 Rd7 26. cxd6 Rfd8 27. Qb6 Rxd6 28. Qxd8+ Rxd8 29. Rxd8+ Kg7 30. Rfd1 Qe7 31. R8d6 Qc7 32. Na4 Qa5 33. R1d2 Qb4 34. R6d4 Qa3 35. h3 b5 36. Nb6 Qc5 37. Nc8 h5 38. Kh2 h4 39. Nd6 Kh6 40. Nb7 Qc3 41. Rd1 Qg3+ 42. Kh1 Qf2 43. a4 Qc2 44. axb5 axb5 45. Na5 Kg5 46. R1d2 Qc3 47. b4 Kf4 48. Nb7 Ke3 49. Nc5 Qxd4 50. Rxd4 Kxd4 51. g3 hxg3 52. Kg2 Nd3 53. Na6 Kxe4 54. Kxg3 f5 55. Kg2 f4 56. h4 Ke3 57. Kf1 f3 58. Nb8 Nxb4 59. Nd7 Nd3 60. Nb6 c5 61. Nd5+ Kd4 62. Nc7 b4 63. Ne6+ Kc4 64. Ng5 Ne5 65. Ne4 b3 66. Kf2 b2 67. Ke3 Kb4 68. Nd2 Nc4+ 69. Nxc4 Kxc4 0-1

[Event "Lipetsk Region-ch sf"]
[Site "Lipetsk"]
[Date "2007.10.09"]
[Round "5"]
[White "Ponomarev, Andrey"]
[Black "Ruchkin, Ivan"]
[Result "1/2-1/2"]
[WhiteElo "2050"]
[BlackElo "2053"]
[PlyCount "42"]
[EventDate "2007.09.25"]
[EventType "swiss"]
[EventRounds "9"]
[EventCountry "RUS"]
[SourceTitle "EXT 2022"]
[Source "ChessBase"]
[SourceDate "2021.10.06"]
[SourceVersion "1"]
[SourceVersionDate "2021.10.06"]
[SourceQuality "1"]

1. d4 Nf6 2. c4 c5 3. d5 e6 4. Nc3 exd5 5. cxd5 d6 6. e4 g6 7. Nf3 Bg7 8. Be2 0-0 9. 0-0 Re8 10. Nd2 Na6 11. Kh1 Nc7 12. a4 b6 13. f4 Rb8 14. Qc2 Nfxd5 15. exd5 Bxc3 16. Bb5 Bg7 17. Bxe8 Qxe8 18. Nc4 Qd8 19. Ne3 Bb7 20. Qd1 Bd4 21. Nc2 Bg7 1/2-1/2

[Event "Lipetsk Region-ch sf"]
[Site "Lipetsk"]
[Date "2007.09.25"]
[Round "1"]
[White "Geranichev, Mikhail"]
[Black "Ruchkin, Ivan"]
[Result "0-1"]
[WhiteElo "1647"]
[BlackElo "2053"]
[PlyCount "106"]
[EventDate "2007.09.25"]
[EventType "swiss"]
[EventRounds "9"]
[EventCountry "RUS"]
[SourceTitle "EXT 2022"]
[Source "ChessBase"]
[SourceDate "2021.10.06"]
[SourceVersion "1"]
[SourceVersionDate "2021.10.06"]
[SourceQuality "1"]

1. e4 e5 2. Nf3 Nf6 3. Nc3 Nc6 4. Bc4 Nxe4 5. Bxf7+ Kxf7 6. Nxe4 d5 7. Neg5+ Kg8 8. d3 Be7 9. Qe2 h6 10. Nh3 Bg4 11. c3 Qd7 12. Bd2 Bf6 13. 0-0-0 Bxh3 14. gxh3 Qxh3 15. Rdg1 Kh7 16. Rg3 Qf5 17. Rhg1 Rhg8 18. Ng5+ Bxg5 19. Rxg5 Qf7 20. Rh5 Rae8 21. Qg4 Re6 22. Qh4 Rg6 23. Rhg5 Rxg5 24. Rxg5 Rf8 25. Rg2 Nd8 26. Qg3 Qf6 27. h4 Ne6 28. Qg4 Qf5 29. Qg3 Rf6 30. Qe3 Qf3 31. Rg3 Qxe3 32. Rxe3 Rf5 33. Kc2 Nf8 34. Be1 Ng6 35. f3 c5 36. d4 cxd4 37. cxd4 exd4 38. Rd3 Ne5 39. Rxd4 Nxf3 40. Rd1 Nxe1+ 41. Rxe1 Rh5 42. Re7 Rxh4 43. Rxb7 Ra4 44. Kb3 Ra6 45. Rd7 h5 46. Rxd5 Rh6 47. a4 h4 48. Kc4 h3 49. Rd1 g5 50. Kd5 g4 51. Ke4 g3 52. Kf3 Rg6 53. Rg1 g2 0-1